Open Data Biblioteca Nacional de Portugal


República Portuguesa: Ministério da Cultura
Biblioteca Nacional de Portugal

Catálogo da BNP: acesso por Identificadores Unívocos
Registos Bibliográficos associados ao registo de autoridade

Etiqueta de registo: 00254nam 2200025 450
001 2284705
003 http://id.bnportugal.gov.pt/bib/catbnp/2284705
100 ## $a20260417d2025 k y0pory01030103ba
101 0# $aeng$dpor
102 ## $aPT
105 ## $aa m 000yy
106 ## $ar
200 1# $aFrom "Tianxia" to nation-state$e the transformation of China's thought of International Relations from 1840 to 1919$fGuo Zijie$gorient. Nuno Gonçalo de Carvalho Canas Mendes
210 #9 $aLisboa$c[s.n.],$d2025
215 ## $aXIII, 218 p.$cil.$d30 cm$ecurrículum vitâe (2 f.)
328 #1 $aTese dout. Relações Internacionais, Instituto Superior de Ciências Sociais e Políticas, Universidade de Lisboa, 2025
675 ## $a327(510("1840/1919"(043)$vBN$zpor$31997975
700 #1 $aGuo,$bZijie,$f1987-$31996216
702 #1 $aMendes,$bNuno Canas,$f1969-$4727$3169401
801 #0 $aPT$bBN$gRPC
966 ## $lBN$mFGMON$sS.C. 169098 V.$x1
971 ## $cabrito$d20260417
973 ## $cigoulao$d20260508

OpendataBNP@bnportugal.pt | Mais informação sobre acesso aos dados BNP